Le mariage - pays autorisant la polygamie - Statistiques

Statistiques générales
  • Ce quiz a été pris 190 fois
  • Le résultat moyen est 34 sur 47
Statistiques - réponses
Pays % Correct
Maroc
93%
Algérie
92%
Mali
86%
Egypte
85%
Iran
85%
Sénégal
85%
Irak
83%
Congo
82%
Inde
81%
Qatar
80%
Afghanistan
79%
Libye
79%
Niger
79%
Nigeria
79%
Pakistan
79%
Soudan
79%
Indonésie
78%
Emirats Arabes Unis
77%
Mauritanie
77%
Yemen
77%
Somalie
76%
Oman
75%
Soudan du Sud
74%
Liban
73%
Jordanie
72%
Syrie
72%
Cameroun
71%
Tchad
69%
Burkina Faso
67%
Togo
67%
Malaisie
66%
Bahrein
65%
Bangladesh
65%
Koweit
65%
Tanzanie
65%
Bénin
64%
Comores
64%
Gambie
64%
Zambie
63%
Djibouti
62%
Centrafrique
61%
Gabon
61%
Liberia
61%
Ouganda
59%
Sierra Leone
57%
Etats-Unis
49%
Birmanie
46%
Aucun quiz correspondant
Distribution des résultats
% des personnes avec chaque résultat
Percentile par nombre de réponses
Votre historique - résultats
Vous n’avez pas pris ce quiz